000 00831nam a2200277Ia 4500
003 OSt
005 20220918110414.0
006 a|||||r|||| 00| 0
007 ta
008 220915b |||||||| |||| 00| 0 eng d
024 _a89207
037 _cReference Collections
040 _aARTS
_cARTS
_beng
041 _2eng
_aeng
082 _aSM62, M8(RR)
100 _aNesselroade John R
_97591
245 0 _aHandbook of multivariat experimental psychology
250 _a2nd
260 _aNew York
_bPlenum Press
_c1988
300 _axviii, 966p
500 _aIncluded References; Included Index.
650 _aPYSCHOLOGY - EXPERIMENTAL METHODS
700 _a Raymod B. Cattell
_97592
942 _hSM62, M8(RR)
_cREF
999 _c112639
_d112639